000 00779nam a2200241Ia 4500
003 GCL
008 140319s9999 xx 000 0 ara d
040 _aGCL /
_cGCL
082 0 4 _a790.1
_bأ ت
100 1 _aالسيد على شتا
245 1 0 _aالترويح واستثمار اوقات الفراغ في المجتمع العربى /
_cالسيد على شتا
260 _aالقاهرة :
_bالمكتبة المصرية ،
_c2003
300 _a109 ص ؛
_c24 سم
490 _aالطفل العربى
_v0
650 0 4 _aالالعاب
650 0 4 _aالترفيه
650 0 4 _aالتسالى
650 0 4 _aوقت الفراغ
650 0 4 _aالهوايات
650 0 4 _aالالعاب - تسالى
650 0 4 _aالطلبة - نشاط
942 _2ddc
_cBK
999 _c6175
_d6175